भृगुवंशमहाकाव्यम् (Record no. 1435387)
[ view plain ]
| 000 -LEADER | |
|---|---|
| fixed length control field | 01047 a2200241 4500 |
| 005 - DATE AND TIME OF LATEST TRANSACTION | |
| control field | 20260224150038.0 |
| 008 - FIXED-LENGTH DATA ELEMENTS--GENERAL INFORMATION | |
| fixed length control field | 251222b |||||||| |||| 00| 0 eng d |
| 020 ## - INTERNATIONAL STANDARD BOOK NUMBER | |
| International Standard Book Number | 9788193826355 (hbk) |
| 037 ## - SOURCE OF ACQUISITION | |
| Terms of availability | TB |
| 040 ## - CATALOGING SOURCE | |
| Original cataloging agency | CRL |
| Transcribing agency | CRL |
| 041 ## - LANGUAGE CODE | |
| Source of code | hin |
| Language code of text/sound track or separate title | hin |
| Language code of original | san |
| 084 ## - COLON CLASSIFICATION NUMBER | |
| Classification number | O15,1NPR,BH R5 |
| Assigning agency | CRL |
| 100 ## - MAIN ENTRY--PERSONAL NAME | |
| Personal name | नारायणन्, ई. आर. |
| 9 (RLIN) | 821276 |
| 245 ## - TITLE STATEMENT | |
| Title | भृगुवंशमहाकाव्यम् |
| 260 ## - PUBLICATION, DISTRIBUTION, ETC. | |
| Name of publisher, distributor, etc. | आई बी आर जे पब्लिकेशन |
| Date of publication, distribution, etc. | 2025 |
| 300 ## - PHYSICAL DESCRIPTION | |
| Extent | 160पृ. |
| 365 ## - TRADE PRICE | |
| Price amount | 695.00 |
| Currency code | INR |
| 650 ## - SUBJECT ADDED ENTRY--TOPICAL TERM | |
| Topical term or geographic name entry element | संस्कृत कविता |
| 9 (RLIN) | 858758 |
| 650 ## - SUBJECT ADDED ENTRY--TOPICAL TERM | |
| Topical term or geographic name entry element | संस्कृत साहित्य |
| 9 (RLIN) | 858759 |
| 650 ## - SUBJECT ADDED ENTRY--TOPICAL TERM | |
| Topical term or geographic name entry element | भृगुवंशमहाकाव्यम् |
| 9 (RLIN) | 858760 |
| 942 ## - ADDED ENTRY ELEMENTS (KOHA) | |
| Koha item type | Textbook |
| Source of classification or shelving scheme | Colon Classification (CC) |
| Suppress in OPAC | No |
| Classification part | O15,1NPR,BH R5 |
| Withdrawn status | Lost status | Source of classification or shelving scheme | Damaged status | Not for loan | Home library | Current library | Date acquired | Source of acquisition | Cost, normal purchase price | Inventory number | Total Checkouts | Full call number | Barcode | Date last seen | Cost, replacement price | Price effective from | Koha item type |
|---|---|---|---|---|---|---|---|---|---|---|---|---|---|---|---|---|---|
| Colon Classification (CC) | Central Library | Central Library | 2025-11-04 | 80/ ममता बुक डिस्ट्रीब्यूटर्स | 556.00 | 292 & 2025-11-03 | O15,1NPR,BH R5 | CL1924468 | 2025-11-04 | 695.00 | 2025-11-04 | Textbook |
